Economía de la solidaridad o el reencuentro con el hombre
Guardat en:
| Autor principal: | |
|---|---|
| Format: | Llibre |
| Idioma: | espanyol |
| Publicat: |
Valparaíso
Ecogestion
1988
|
| Matèries: | |
| Etiquetes: |
Afegir etiqueta
Sense etiquetes, Sigues el primer a etiquetar aquest registre!
|
MARC
| LEADER | 00000nam a2200000 a 4500 | ||
|---|---|---|---|
| 001 | UCW1972 | ||
| 003 | CL-VaPUC | ||
| 008 | 890828e19880000CL |||||||||||||||||spa|d | ||
| 082 | 0 | 4 | |a 330 |b JIM |2 21 |
| 100 | |a Jiménez Bermejo, Patricio |e autor |9 485010 | ||
| 245 | 1 | 0 | |a Economía de la solidaridad o el reencuentro con el hombre |
| 300 | |a 171 p | ||
| 942 | |c BK | ||
| 945 | |d 19890828 00:00:00 | ||
| 260 | |a Valparaíso |b Ecogestion |c 1988 | ||
| 650 | 0 | |a Iglesia católica y problemas sociales |9 255796 | |
| 651 | 7 | |a CHILE |2 CL-VaPUC |9 305945 | |
| 583 | |a last modification |c 19890828 00:00:00 |k Rodrigo Vera | ||
| 999 | |c 216662 |d 216660 | ||
| 952 | |0 0 |1 0 |4 0 |6 330_000000000000000_JIM_1988 |7 0 |8 A |9 202587 |a BIBGIM |b BIBGIM |d 2019-11-14 |i 269896K |o 330 JIM 1988 |p 269896K |r 2025-01-15 |w 2019-11-14 |y BK |k COM | ||
| 952 | |0 0 |1 0 |4 0 |6 330_000000000000000_JIM_1988 |7 0 |8 A |9 202588 |a BIBGIM |b BIBGIM |d 2019-11-14 |i 2698978 |o 330 JIM 1988 |p 2698978 |r 2025-01-15 |w 2019-11-14 |y BK |k COM | ||
| 952 | |0 0 |1 0 |4 0 |6 330_000000000000000_JIM_1988 |7 0 |8 A |9 202589 |a BIBGIM |b BIBGIM |d 2019-11-14 |i 2698986 |o 330 JIM 1988 |p 2698986 |r 2025-01-15 |w 2019-11-14 |y BK |k COM | ||
| 952 | |0 0 |1 0 |4 0 |6 330_000000000000000_JIM_1988 |7 0 |8 A |9 202590 |a BIBGIM |b BIBGIM |d 2019-11-14 |i 2698994 |o 330 JIM 1988 |p 2698994 |r 2025-01-15 |w 2019-11-14 |y BK |k SSL | ||
| 952 | |0 0 |1 0 |4 0 |6 330_000000000000000_JIM_1988 |7 0 |8 A |9 202591 |a BIBENE |b BIBENE |d 2019-11-14 |i 2699001 |o 330 JIM 1988 |p 2699001 |r 2025-01-15 |w 2019-11-14 |y BK |k ICO | ||
| 952 | |0 0 |1 0 |4 0 |6 330_000000000000000_JIM_1988 |7 0 |8 A |9 202592 |a BIBTEO |b BIBTEO |d 2019-11-14 |i 269901K |o 330 JIM 1988 |p 269901K |r 2025-01-17 |w 2019-11-14 |y BK |k ICR | ||
| 952 | |0 0 |1 0 |4 0 |6 330_000000000000000_JIM_1988 |7 0 |8 A |9 202593 |a BIBMEC |b BIBMEC |d 2019-11-14 |i 2699028 |o 330 JIM 1988 |p 2699028 |r 2024-01-19 |w 2019-11-14 |y BK |k MEC | ||